Harry Potter Neighbourly Logic Puzzle #1 Quiz Stats

 Plays Quiz not verified by Sporcle

Support Sporcle.
Go Orange.
Score 0/48 Timer 20:00
2 Plays Today
Hint Answer % Correct







A1
???
100%







A2
???
70.7%







B1
???
67.5%







B2
???
66.5%







B3
???
60%







A3
???
55.6%







C1
???
54.5%







A4
???
53.1%







B4
???
51.4%







C2
???
50.9%







C4
???
44.6%







B5
???
43.9%







D1
???
41.4%







C3
???
41.3%







A6
???
39.5%







A5
???
39.2%







B6
???
38.8%







D2
???
38.3%







C5
???
38.2%







D3
???
36.4%







E1
???
33.7%







D4
???
32.8%







E3
???
29.3%







E2
???
26.6%
Hint Answer % Correct







E4
???
26.5%







F1
???
25.3%







E5
???
25.1%







C6
???
23.9%







E6
???
23.7%







D6
???
22.7%







F3
???
21.8%







F4
???
21.6%







F2
???
19.8%







F6
???
19.7%







D5
???
17.8%







G4
???
17.6%







F5
???
17.3%







G3
???
14.9%







G1
???
14.2%







G2
???
13.1%







G5
???
12.8%







H2
???
12.3%







G6
???
11.7%







H4
???
11.3%







H5
???
11.3%







H3
???
11.2%







H6
???
11.1%







H1
???
11.1%

You're not logged in!

Compare scores with friends on all Sporcle quizzes.
OR
Log In

From the Vault

MLB Franchises, East to West

by Booger

Here's hoping that good old 122' 20' W can put together a good team this year.
Remove Ads.
Support Sporcle.
Get the best of Sporcle when you Go Orange. This ad-free experience offers more features, more stats, and more fun while also helping to support Sporcle. Thank you for becoming a member.

Show Comments

Extras

Top Quizzes Today


Score Distribution

Your Account Isn't Verified!

In order to create a playlist on Sporcle, you need to verify the email address you used during registration. Go to your Sporcle Settings to finish the process.

Report this User

Report this user for behavior that violates our Community Guidelines.

Details: